Reclaim pride in city living (Record no. 72557)

MARC details
000 -LEADER
fixed length control field 01429cam a2200241 4500
001 - CONTROL NUMBER
control field ABS66630
008 - FIXED-LENGTH DATA ELEMENTS--GENERAL INFORMATION
fixed length control field 030429n2003 000 0 eng u
035 ## - SYSTEM CONTROL NUMBER
System control number (Sirsi) u122103
100 ## - MAIN ENTRY--PERSONAL NAME
Personal name Blackwood, D.
245 ## - TITLE STATEMENT
Title Reclaim pride in city living
260 ## - PUBLICATION, DISTRIBUTION, ETC.
Date of publication, distribution, etc. 2003
490 ## - SERIES STATEMENT
Series statement Estates Gazette
Volume/sequential designation (0315) 12 April 2003, 123(1)
520 ## - SUMMARY, ETC.
Summary, etc. Argues for improved public spaces in UK cities. Suggests that the provision and care of public spaces should be guaranteed beyond individual developments and that a wide range of factors including open green spaces, the quality of streets and public transport should form a 'net' over a city to provide guidelines for developers and building designers. Concludes that King's Cross and Victoria are two areas that would benefit from a clear public realm masterplan. Refers to a recent CABE lecture "From rags to riches: the case for better spaces" which is available at www.cabe.org.uk.
590 ## - LOCAL NOTE (RLIN)
Local note ABS
650 ## - SUBJECT ADDED ENTRY--TOPICAL TERM
Topical term or geographic name entry element PUBLIC SPACE
650 ## - SUBJECT ADDED ENTRY--TOPICAL TERM
Topical term or geographic name entry element URBAN DESIGN
650 ## - SUBJECT ADDED ENTRY--TOPICAL TERM
Topical term or geographic name entry element LONDON
650 ## - SUBJECT ADDED ENTRY--TOPICAL TERM
Topical term or geographic name entry element GREEN SPACES
650 ## - SUBJECT ADDED ENTRY--TOPICAL TERM
Topical term or geographic name entry element BUILT ENVIRONMENT
690 ## - LOCAL SUBJECT ADDED ENTRY--TOPICAL TERM (OCLC, RLIN)
Topical term or geographic name as entry element ENVIRONMENTAL AND LAND CONSULTANCY-PLANNING AND DEVELOPMENT
856 ## - ELECTRONIC LOCATION AND ACCESS
Uniform Resource Identifier <a href="https://webarchive.nationalarchives.gov.uk/20110118095356/http:/www.cabe.org.uk/articles/from-rags-to-riches-the-case-for-better-public-spaces">https://webarchive.nationalarchives.gov.uk/20110118095356/http:/www.cabe.org.uk/articles/from-rags-to-riches-the-case-for-better-public-spaces</a>
Public note View the lecture free of charge in the Cabe Archive at webarchive.nationalarchives.gov.uk
942 ## - ADDED ENTRY ELEMENTS (KOHA)
Suppress in OPAC 0
Holdings
Withdrawn status Lost status Source of classification or shelving scheme Damaged status Not for loan Home library Current library Shelving location Date acquired Total Checkouts Full call number Barcode Date last seen Copy number Price effective from Koha item type
    Dewey Decimal Classification     London London Journal article 29/04/2003   ABS66630 122103-1001 06/08/2019 1 06/08/2019 Journal article